书目信息 |
| 题名: |
管理者必须的22个硬道理
|
|
| 作者: | 杜菲莉 编著 | |
| 分册: | ||
| 出版信息: | 北京 国家行政学院出版社 2005.09 |
|
| 页数: | 169页 | |
| 开本: | 26cm | |
| 丛书名: | ||
| 单 册: | ||
| 中图分类: | C93 | |
| 科图分类: | ||
| 主题词: | 管理学--guan li xue--理论研究 | |
| 电子资源: | ||
| ISBN: | 7-80140-417-3 | |
| 000 | 00997nam0 2200241 450 | |
| 001 | 012006931841 | |
| 005 | 20061018090948.15 | |
| 010 | @a7-80140-417-3@dCNY26.80 | |
| 100 | @a20060920d2005 km y0chiy0120 ea | |
| 101 | 0 | @achi |
| 102 | @aCN@b110000 | |
| 105 | @aa a 000yy | |
| 200 | 1 | @a管理者必须的22个硬道理@Aguan li zhe bi xu de 22 ge ying dao li@e高效能管理者的22个实践智慧打造赢时代的企业成长通道@f杜菲莉编著@Fdu fei li bian zhu |
| 210 | @a北京@c国家行政学院出版社@d2005.09 | |
| 215 | @a169页@c图@d26cm | |
| 320 | @a有书目。 | |
| 330 | @a本书内容在系统研究了世界级成功企业的优秀的经营理念的基础上,提练出了22条具有革命性和普遍的适用性的最为卓越的管理方法。 | |
| 517 | 1 | @a高效能管理者的22个实践智慧打造赢时代的企业成长通道@Agao xiao neng guan li zhe de 22 ge shi jian zhi hui da zao ying shi dai de qi ye cheng zhang tong dao |
| 606 | 0 | @a管理学@Aguan li xue@x理论研究 |
| 690 | @aC93@v4 | |
| 701 | 0 | @a杜菲莉@Adu fei li@4编著 |
| 801 | 0 | @aCN@c20061018 |
| 905 | @a10447@dC93@eD813 | |
| 管理者必须的22个硬道理:高效能管理者的22个实践智慧打造赢时代的企业成长通道/杜菲莉编著.-北京:国家行政学院出版社,2005.09 |
| 169页:图;26cm |
| ISBN 7-80140-417-3:CNY26.80 |
| 本书内容在系统研究了世界级成功企业的优秀的经营理念的基础上,提练出了22条具有革命性和普遍的适用性的最为卓越的管理方法。 |
| ● |
| 相关链接 |
|
|
|
正题名:管理者必须的22个硬道理
索取号:C93/D813
 
预约/预借
| 序号 | 登录号 | 条形码 | 馆藏地/架位号 | 状态 | 备注 |
| 1 | 222240 | 202222406 | 社科库509/509社科库 63排3列1层/ [索取号:C93/D813] | 在馆 | |
| 2 | 222241 | 202222415 | 社科库509/509社科库 63排3列1层/ [索取号:C93/D813] | 在馆 | |
| 3 | 222242 | 202222424 | 社科库509/509社科库 63排3列1层/ [索取号:C93/D813] | 在馆 |